00384nam a2200121Ia 4500003000400000005001700004008004100021040001800062041000800080100005300088245008300141260003800224OSt20260120143429.0211028s2014 xx 000 0 und d cAIMIT LIBRARY aeng aShareef O, Mohammed; Shetty, Prathibha.g1216069 aInfluence of sales promotion instimulating sales performance at APCO hyundai / aMangalorebPrathibha Shettyc2014